Hodnotenie návratnosti investičných aktivít vo vybranom podniku v súlade s environmentálnym rozvojom diplomová práca

Salvato in:
Dettagli Bibliografici
Autore principale: Sieber, Jakub, 1992-
Ente Autore: Podnikovohospodárska fakulta EU so sídlom v Košiciach. Katedra ekonómie
Altri autori: Andrejovský, Pavol, 1975-
Natura: Libro
Lingua:slovacco
Pubblicazione: Košice 2020
Tags: Aggiungi Tag
Nessun Tag, puoi essere il primo ad aggiungerne!!

MARC

LEADER 00000nbm a2200000 4500
001 0265313
005 20240827092339.2
041 0 |a slo 
044 |a SK 
245 1 0 |a Hodnotenie návratnosti investičných aktivít vo vybranom podniku v súlade s environmentálnym rozvojom  |b diplomová práca  |c Jakub Sieber ; školiteľ: Pavol Andrejovský 
264 1 |a Košice  |c 2020 
300 |a 73 s. 
100 1 |a Sieber, Jakub, 1992- 
700 1 |a Andrejovský, Pavol, 1975- 
710 2 |a Podnikovohospodárska fakulta EU so sídlom v Košiciach. Katedra ekonómie